[Event "Pan American-ch U16"]
[Site "Balneario Camboriu"]
[Date "2005.06.15"]
[Round "6"]
[White "Flores Rios, Mauricio"]
[Black "Vera, I Jorge"]
[Result "1-0"]
[WhiteElo "2131"]
[BlackElo "2238"]
[PlyCount "137"]
[EventDate "2005.06.11"]
[EventType "swiss"]
[EventRounds "9"]
[EventCountry "BRA"]
[SourceTitle "CBM 106 Extra"]
[Source "ChessBase"]
[SourceDate "2005.07.01"]
[SourceVersion "1"]
[SourceVersionDate "2005.07.01"]
[SourceQuality "1"]

1. e4 c5 2. Nf3 d6 3. d4 cxd4 4. Nxd4 Nf6 5. Nc3 g6 6. Be3 Bg7 7. f3 Nc6 8. Bc4 0-0 9. Qd2 Bd7 10. 0-0-0 Qa5 11. Bb3 Rfc8 12. h4 Ne5 13. g4 Nc4 14. Bxc4 Rxc4 15. h5 Rac8 16. Nb3 Qa6 17. hxg6 fxg6 18. Kb1 Be6 19. Bd4 Bf7 20. Bxf6 Bxf6 21. Nd5 Rxc2 22. Nxf6+ exf6 23. Qxd6 Qe2 24. Qxf6 R2c6 25. Rd8+ Be8 26. Qxc6 Rxc6 27. Rxe8+ Kf7 28. Rb8 Qc2+ 29. Ka1 Rc7 30. Rxh7+ Kf6 31. Rf8+ Kg5 32. Rh1 Qf2 33. Rb1 a5 34. Nxa5 b6 35. Nb3 Ra7 36. Rc1 Qe3 37. Rc3 Qe1+ 38. Nc1 Rd7 39. Rc2 Rd3 40. Kb1 Qd1 41. e5 Re3 42. Rg2 Rxf3 43. Rxf3 Qxf3 44. Re2 Kxg4 45. e6 Qf5+ 46. Ka1 Qc5 47. Nd3 Qe7 48. a3 Kf3 49. Re1 g5 50. Nb4 g4 51. Nd5 Qh4 52. Rf1+ Ke2 53. e7 Qh8 54. Rg1 Kf2 55. Rc1 Qe8 56. Rc4 g3 57. Rf4+ Ke2 58. Rf8 g2 59. Rxe8 g1Q+ 60. Ka2 Qc5 61. Rd8 Qc4+ 62. Kb1 Qd3+ 63. Ka1 Kf3 64. e8Q Qf1+ 65. Ka2 Qc4+ 66. Kb1 Qd3+ 67. Kc1 Qf1+ 68. Kc2 Qf2+ 69. Kb3 1-0

[Event "Pan American-ch U16"]
[Site "Balneario Camboriu"]
[Date "2005.06.15"]
[Round "7"]
[White "Vera, I Jorge"]
[Black "Pacheco, Garri"]
[Result "1/2-1/2"]
[WhiteElo "2238"]
[BlackElo "2168"]
[PlyCount "30"]
[EventDate "2005.06.11"]
[EventType "swiss"]
[EventRounds "9"]
[EventCountry "BRA"]
[SourceTitle "CBM 106 Extra"]
[Source "ChessBase"]
[SourceDate "2005.07.01"]
[SourceVersion "1"]
[SourceVersionDate "2005.07.01"]
[SourceQuality "1"]

1. d4 d5 2. Nf3 c6 3. c3 Nf6 4. Bg5 Bf5 5. Bxf6 exf6 6. e3 Bd6 7. Bd3 Bxd3 8. Qxd3 0-0 9. Nbd2 a5 10. 0-0 Re8 11. e4 dxe4 12. Nxe4 Na6 13. Rfe1 Nc7 14. a3 Bf8 15. Rad1 b5 1/2-1/2

[Event "Pinamar ITT Lettieri"]
[Site "Pinamar"]
[Date "2005.03.09"]
[Round "2"]
[White "Needleman, Alejandro"]
[Black "Vera, I Jorge"]
[Result "1/2-1/2"]
[WhiteElo "2400"]
[BlackElo "2247"]
[PlyCount "177"]
[EventDate "2005.03.08"]
[EventType "tourn"]
[EventRounds "11"]
[EventCountry "ARG"]
[EventCategory "3"]
[SourceTitle "CBM 105 Extra"]
[Source "ChessBase"]
[SourceDate "2005.05.01"]
[SourceVersion "1"]
[SourceVersionDate "2005.05.01"]
[SourceQuality "1"]

1. e4 c5 2. Nf3 d6 3. d4 cxd4 4. Nxd4 Nf6 5. Nc3 g6 6. Be2 Bg7 7. 0-0 Nc6 8. Nb3 0-0 9. Re1 Be6 10. Bf1 Rc8 11. Nd5 Ne5 12. Bg5 Bxd5 13. exd5 h6 14. Be3 a6 15. a4 Qc7 16. Rc1 Qd7 17. a5 Nc4 18. Bd4 Rfe8 19. Nd2 Nxd2 20. Qxd2 Qf5 21. c4 Ne4 22. Qe3 Bxd4 23. Qxd4 Nc5 24. Qe3 Qg5 25. f4 Qf6 26. b4 Nd7 27. g3 e5 28. dxe6 Rxe6 29. Qd2 Rce8 30. Rxe6 Qxe6 31. Bg2 b6 32. b5 axb5 33. a6 bxc4 34. a7 Nc5 35. Bd5 Qe7 36. a8Q Rxa8 37. Bxa8 Qa7 38. Qd5 b5 39. Kg2 Nd3 40. Rf1 Qa2+ 41. Kg1 Qa7+ 42. Kg2 Qa2+ 43. Kf3 Qa3 44. Kg4 Qa2 45. Qg2 h5+ 46. Kh3 Qa7 47. Bd5 Qd7+ 48. g4 c3 49. Be4 hxg4+ 50. Kg3 Nc5 51. Bc2 b4 52. Qd5 Qe7 53. Qd4 Qe2 54. Rf2 Qe1 55. Qxd6 Qe3+ 56. Kg2 b3 57. Bxb3 Qxf2+ 58. Kxf2 Ne4+ 59. Ke3 Nxd6 60. Kd3 Nb5 61. Ba4 Nc7 62. Bd1 Nd5 63. Bxg4 c2 64. Kd2 Ne3 65. Be2 Kg7 66. Bd3 Kf6 67. Kc1 Ke6 68. h4 f5 69. Bxc2 Ng2 70. Bb3+ Kf6 71. Kd2 Nxf4 72. Bd1 Ng2 73. h5 g5 74. Bc2 Nh4 75. Ke3 Kg7 76. Ba4 Kh6 77. Be8 f4+ 78. Ke4 f3 79. Ke3 g4 80. Kf4 f2 81. Bb5 Kxh5 82. Kg3 Nf5+ 83. Kxf2 Kh4 84. Bc6 g3+ 85. Kg2 Nd4 86. Bd7 Nc2 87. Bc8 Ne1+ 88. Kf1 g2+ 89. Kf2 1/2-1/2

[Event "Sao Paulo CC-ch"]
[Site "Sao Paulo"]
[Date "2005.01.27"]
[Round "8"]
[White "Vera, I Jorge"]
[Black "Giaccio, Alfredo Gustavo"]
[Result "1/2-1/2"]
[WhiteElo "2247"]
[BlackElo "2467"]
[PlyCount "41"]
[EventDate "2005.01.22"]
[EventType "tourn"]
[EventRounds "11"]
[EventCountry "BRA"]
[EventCategory "3"]
[SourceTitle "CBM 104 Extra"]
[Source "ChessBase"]
[SourceDate "2005.03.01"]
[SourceVersion "1"]
[SourceVersionDate "2005.03.01"]
[SourceQuality "1"]

1. d4 e6 2. Nf3 f5 3. Nc3 Nf6 4. Bg5 Bb4 5. g3 b6 6. Bg2 Bb7 7. 0-0 Bxc3 8. bxc3 h6 9. Bxf6 Qxf6 10. e3 0-0 11. Ne5 Bxg2 12. Kxg2 a5 13. Qf3 Ra7 14. c4 d6 15. Nc6 Nxc6 16. Qxc6 e5 17. c3 f4 18. exf4 exf4 19. Rae1 Qf7 20. a4 Raa8 21. Qd5 1/2-1/2

[Event "Sao Paulo CC-ch"]
[Site "Sao Paulo"]
[Date "2005.01.26"]
[Round "5"]
[White "Maia, Luciano Malta"]
[Black "Vera, I Jorge"]
[Result "1/2-1/2"]
[WhiteElo "2287"]
[BlackElo "2247"]
[PlyCount "34"]
[EventDate "2005.01.22"]
[EventType "tourn"]
[EventRounds "11"]
[EventCountry "BRA"]
[EventCategory "3"]
[SourceTitle "CBM 104 Extra"]
[Source "ChessBase"]
[SourceDate "2005.03.01"]
[SourceVersion "1"]
[SourceVersionDate "2005.03.01"]
[SourceQuality "1"]

1. e4 c5 2. c3 g6 3. d4 cxd4 4. cxd4 d5 5. Nc3 dxe4 6. Bc4 Nf6 7. Qb3 e6 8. d5 exd5 9. Nxd5 Nxd5 10. Bxd5 Qe7 11. Bd2 Nd7 12. Bc3 Nc5 13. Bxf7+ Qxf7 14. Qxf7+ Kxf7 15. Bxh8 Nd3+ 16. Ke2 Bc5 17. Bc3 Nxf2 1/2-1/2

[Event "Sao Paulo Communic 5th"]
[Site "Sao Paulo"]
[Date "2004.02.15"]
[Round "6"]
[White "Santos, Marcus Vinicius M"]
[Black "Vera, I Jorge"]
[Result "1-0"]
[WhiteElo "2311"]
[BlackElo "2338"]
[PlyCount "103"]
[EventDate "2004.02.12"]
[EventType "tourn"]
[EventRounds "9"]
[EventCountry "BRA"]
[EventCategory "5"]
[SourceTitle "CBM 098 Extra"]
[Source "ChessBase"]
[SourceDate "2004.03.10"]
[SourceVersion "2"]
[SourceVersionDate "2004.03.10"]
[SourceQuality "1"]

1. d4 d5 2. c4 c6 3. Nc3 Nf6 4. Nf3 e6 5. Bg5 Nbd7 6. cxd5 exd5 7. e3 Be7 8. Qc2 0-0 9. Bd3 Re8 10. 0-0 Ne4 11. Bf4 f5 12. Nxd5 Bd6 13. Bxd6 Nxd6 14. Nf4 Nf6 15. Ne5 g5 16. Ne2 Be6 17. Ng3 Qc8 18. Nc4 Nxc4 19. Bxc4 Bxc4 20. Qxc4+ Kg7 21. Qd3 Ne4 22. Nxe4 fxe4 23. Qc3 Kg6 24. f4 exf3 25. Rxf3 Rf8 26. Qc2+ Kg7 27. Qc5 h6 28. Qe7+ Kg6 29. Raf1 Rxf3 30. Rxf3 Qe8 31. Qf6+ Kh7 32. Qf7+ Kh8 33. Qxb7 Rb8 34. Qxa7 Rxb2 35. Qa3 Rb1+ 36. Rf1 Rxf1+ 37. Kxf1 Qf7+ 38. Kg1 Qc4 39. h3 Kg7 40. Qb3 Qc1+ 41. Kh2 h5 42. Qe6 h4 43. a4 Qa3 44. Qxc6 Qxe3 45. Qd6 Qc3 46. Qe5+ Kg6 47. a5 Qa3 48. Qc7 Kh6 49. d5 Kg6 50. a6 Kf6 51. a7 Kf5 52. Qb8 1-0

[Event "Sao Paulo Communic 5th"]
[Site "Sao Paulo"]
[Date "2004.02.15"]
[Round "5"]
[White "Vera, I Jorge"]
[Black "Rodriguez Vila, Andres"]
[Result "1/2-1/2"]
[WhiteElo "2338"]
[BlackElo "2485"]
[PlyCount "105"]
[EventDate "2004.02.12"]
[EventType "tourn"]
[EventRounds "9"]
[EventCountry "BRA"]
[EventCategory "5"]
[SourceTitle "CBM 098 Extra"]
[Source "ChessBase"]
[SourceDate "2004.03.10"]
[SourceVersion "2"]
[SourceVersionDate "2004.03.10"]
[SourceQuality "1"]

1. d4 f5 2. Nc3 d5 3. Bg5 g6 4. Nf3 Nh6 5. e3 c6 6. h4 Nf7 7. Bf4 Bg7 8. Bd3 Nd7 9. h5 e5 10. hxg6 hxg6 11. Rxh8+ Bxh8 12. dxe5 Ndxe5 13. Nxe5 Nxe5 14. Qd2 Qf6 15. 0-0-0 Be6 16. Bxe5 Qxe5 17. Rh1 0-0-0 18. Nd1 d4 19. exd4 Qd5 20. Nc3 Qxg2 21. Re1 Bg8 22. Qf4 Bxd4 23. Bxf5+ gxf5 24. Qxf5+ Kc7 25. Re7+ Kd6 26. Rxb7 Qh1+ 27. Kd2 Bxc3+ 28. Kxc3 Qe1+ 29. Kd3 Be6 30. Qg5 Qf1+ 31. Kc3 Qe1+ 32. Kd3 Qd1+ 33. Kc3 Qf3+ 34. Kb4 a5+ 35. Qxa5 Qe4+ 36. Ka3 Rf8 37. Qc7+ Kd5 38. Qa5+ c5 39. c3 Qe1 40. Rb4 Rc8 41. Rb6 Qe4 42. Qa6 Re8 43. f4 Qxf4 44. Qb7+ Ke5 45. Qc7+ Kf5 46. Qxc5+ Kf6 47. Qc6 Re7 48. Rb4 Ra7+ 49. Ra4 Rxa4+ 50. Qxa4 Qd6+ 51. Qb4 Qa6+ 52. Qa4 Qd6+ 53. Qb4 1/2-1/2

[Event "Itau Cup 450th Ann"]
[Site "Sao Paulo"]
[Date "2004.01.22"]
[Round "7"]
[White "Milos, Gilberto"]
[Black "Vera, I Jorge"]
[Result "1-0"]
[WhiteElo "2594"]
[BlackElo "2338"]
[PlyCount "99"]
[EventDate "2004.01.17"]
[EventType "swiss"]
[EventRounds "9"]
[EventCountry "BRA"]
[SourceTitle "CBM 098 Extra"]
[Source "ChessBase"]
[SourceDate "2004.03.10"]
[SourceVersion "2"]
[SourceVersionDate "2004.03.10"]
[SourceQuality "1"]

1. e4 c5 2. Nf3 d6 3. d4 cxd4 4. Nxd4 Nf6 5. Nc3 g6 6. Be3 Bg7 7. f3 Nc6 8. Qd2 0-0 9. Bc4 Bd7 10. 0-0-0 Qa5 11. Bb3 Rfc8 12. h4 Ne5 13. h5 Nxh5 14. g4 Nf6 15. Bh6 Bxh6 16. Rxh6 Rxc3 17. Qxc3 Qxc3 18. bxc3 Rc8 19. Kd2 b5 20. Rhh1 a5 21. a3 Rc5 22. Rb1 Kg7 23. Ba2 Nxf3+ 24. Nxf3 Nxe4+ 25. Kc1 Nxc3 26. Rb2 Nxa2+ 27. Rxa2 Bxg4 28. Nd4 a4 29. Rb2 Bd7 30. Kd2 e5 31. Ne2 Bc6 32. Rhb1 h5 33. Rb4 f5 34. Nc3 g5 35. Nxb5 Bxb5 36. Rxb5 Rxb5 37. Rxb5 h4 38. Ke2 g4 39. Rd5 Kf6 40. Rxd6+ Kg5 41. c4 h3 42. c5 h2 43. Rd1 g3 44. Kf3 Kh4 45. c6 Kh3 46. c7 e4+ 47. Kf4 g2 48. c8Q g1Q 49. Qxf5+ Kg2 50. Qxe4+ 1-0

[Event "Sao Paulo CXSP"]
[Site "Sao Paulo"]
[Date "2004.01.16"]
[Round "11"]
[White "Vera, I Jorge"]
[Black "Valiente, Cristobal"]
[Result "1/2-1/2"]
[WhiteElo "2338"]
[BlackElo "2332"]
[PlyCount "23"]
[EventDate "2004.01.06"]
[EventType "tourn"]
[EventRounds "11"]
[EventCountry "BRA"]
[EventCategory "3"]
[SourceTitle "CBM 098 Extra"]
[Source "ChessBase"]
[SourceDate "2004.03.10"]
[SourceVersion "2"]
[SourceVersionDate "2004.03.10"]
[SourceQuality "1"]

1. d4 g6 2. Nf3 Bg7 3. e4 d6 4. Nc3 Nf6 5. h3 0-0 6. Be3 c6 7. Bd3 Nbd7 8. Qd2 e5 9. 0-0 b5 10. Rfe1 Qe7 11. Bh6 Bb7 12. Bxg7 1/2-1/2

[Event "Sao Paulo CXSP"]
[Site "Sao Paulo"]
[Date "2004.01.14"]
[Round "9"]
[White "Vera, I Jorge"]
[Black "Barrionuevo, Alfredo C"]
[Result "1-0"]
[WhiteElo "2338"]
[BlackElo "2149"]
[PlyCount "41"]
[EventDate "2004.01.06"]
[EventType "tourn"]
[EventRounds "11"]
[EventCountry "BRA"]
[EventCategory "3"]
[SourceTitle "CBM 098 Extra"]
[Source "ChessBase"]
[SourceDate "2004.03.10"]
[SourceVersion "2"]
[SourceVersionDate "2004.03.10"]
[SourceQuality "1"]

1. d4 g6 2. Nf3 Bg7 3. e4 d6 4. Nc3 Bg4 5. Be3 Nc6 6. Bb5 a6 7. Ba4 b5 8. Bb3 e6 9. d5 Ne5 10. dxe6 fxe6 11. h3 Bxf3 12. gxf3 Qe7 13. f4 b4 14. Na4 Nc6 15. f5 exf5 16. exf5 Nd4 17. Qd3 Nh6 18. 0-0-0 Nhxf5 19. Bxd4 Bxd4 20. Rhe1 Be5 21. Kb1 1-0

[Event "Sao Paulo CXSP"]
[Site "Sao Paulo"]
[Date "2004.01.09"]
[Round "3"]
[White "Vera, I Jorge"]
[Black "Tsuboi, Edson Kenji"]
[Result "0-1"]
[WhiteElo "2338"]
[BlackElo "2344"]
[PlyCount "38"]
[EventDate "2004.01.06"]
[EventType "tourn"]
[EventRounds "11"]
[EventCountry "BRA"]
[EventCategory "3"]
[SourceTitle "CBM 098 Extra"]
[Source "ChessBase"]
[SourceDate "2004.03.10"]
[SourceVersion "2"]
[SourceVersionDate "2004.03.10"]
[SourceQuality "1"]

1. d4 Nf6 2. Bg5 Ne4 3. Bh4 c5 4. f3 g5 5. fxe4 gxh4 6. e3 Bh6 7. Kf2 cxd4 8. exd4 e5 9. Nf3 Nc6 10. c3 d6 11. Bb5 0-0 12. Bxc6 bxc6 13. dxe5 Qb6+ 14. Qd4 Qxb2+ 15. Nbd2 dxe5 16. Qd3 Qb6+ 17. Ke2 Rd8 18. Qc2 Qe3+ 19. Kd1 Bg4 0-1

[Event "Sao Paulo Communic 4th"]
[Site "Sao Paulo"]
[Date "2004.??.??"]
[Round "1"]
[White "Rodriguez Vila, Andres"]
[Black "Vera, I Jorge"]
[Result "1-0"]
[WhiteElo "2485"]
[BlackElo "2338"]
[PlyCount "131"]
[EventDate "2004.02.04"]
[EventType "tourn"]
[EventRounds "9"]
[EventCountry "BRA"]
[EventCategory "4"]
[SourceTitle "CBM 098 Extra"]
[Source "ChessBase"]
[SourceDate "2004.03.10"]
[SourceVersion "2"]
[SourceVersionDate "2004.03.10"]
[SourceQuality "1"]

1. e4 c5 2. Ne2 g6 3. d4 cxd4 4. Nxd4 d6 5. c4 Bg7 6. Nc3 Nc6 7. Be3 h5 8. Be2 Nf6 9. h3 Bd7 10. Nc2 Rc8 11. Qd2 Na5 12. Na3 Be6 13. 0-0 Nxc4 14. Nxc4 Bxc4 15. Bxa7 0-0 16. Bxc4 Rxc4 17. Qe2 Qc8 18. Rad1 Qe6 19. Rfe1 Ra8 20. Bd4 Rac8 21. Qf3 Nd7 22. Bxg7 Kxg7 23. e5 Nxe5 24. Qxb7 R8c7 25. Qb3 Qc8 26. Nd5 Rb7 27. Qa3 Rc2 28. b4 Qf5 29. f4 Nc4 30. Qa6 Rd7 31. Rd4 Nd2 32. Ne3 Nf3+ 33. gxf3 Qxh3 34. Re2 Qg3+ 35. Rg2 Qe1+ 36. Nf1 Rxg2+ 37. Kxg2 Rc7 38. Qd3 h4 39. Rc4 h3+ 40. Kh2 Rb7 41. Kxh3 Rxb4 42. Rxb4 Qxb4 43. Qd2 Qa4 44. Ng3 f5 45. Ne2 Kf7 46. Nc3 Qa3 47. Kg3 Qa7 48. Kg2 Qa3 49. Nb5 Qa4 50. Qd5+ Kf8 51. Nd4 Qa3 52. Nc6 Ke8 53. Qb5 Kf7 54. Nd8+ Kf8 55. Qb8 Kg7 56. Qb3 Qxb3 57. axb3 Kf6 58. b4 e5 59. b5 Ke7 60. Kf2 Kd7 61. Ke3 Kc7 62. Nf7 exf4+ 63. Kxf4 d5 64. Ne5 Kb6 65. Nxg6 Kxb5 66. Kxf5 1-0

[Event "Sao Paulo Itau Cup 7th"]
[Site "Sao Paulo"]
[Date "2003.10.04"]
[Round "8"]
[White "Tsuboi, Edson Kenji"]
[Black "Vera, I Jorge"]
[Result "1/2-1/2"]
[WhiteElo "2365"]
[BlackElo "2189"]
[PlyCount "50"]
[EventDate "2003.10.??"]
[EventType "swiss"]
[EventRounds "9"]
[EventCountry "BRA"]
[SourceTitle "CBM 096 Extra"]
[Source "ChessBase"]
[SourceDate "2003.10.22"]
[SourceVersion "2"]
[SourceVersionDate "2003.10.20"]
[SourceQuality "1"]

1. e4 c5 2. Nf3 d6 3. d4 cxd4 4. Nxd4 Nf6 5. Nc3 g6 6. Be3 Bg7 7. f3 0-0 8. Qd2 Nc6 9. 0-0-0 d5 10. Qe1 e5 11. Nxc6 bxc6 12. exd5 cxd5 13. Bg5 Be6 14. Bc4 Qc7 15. Bxf6 dxc4 16. Bxg7 Kxg7 17. Ne4 Rab8 18. Qc3 Rb5 19. Rhe1 Rfb8 20. Nd6 R5b6 21. Rxe5 Kg8 22. Ne4 Rxb2 23. Nf6+ Kf8 24. Nxh7+ Kg8 25. Nf6+ Kf8 1/2-1/2

[Event "Sao Paulo Itau Cup 7th"]
[Site "Sao Paulo"]
[Date "2003.09.30"]
[Round "4"]
[White "Marques, Vinicius de Abreu"]
[Black "Vera, I Jorge"]
[Result "0-1"]
[WhiteElo "2380"]
[BlackElo "2189"]
[PlyCount "84"]
[EventDate "2003.10.??"]
[EventType "swiss"]
[EventRounds "9"]
[EventCountry "BRA"]
[SourceTitle "CBM 096 Extra"]
[Source "ChessBase"]
[SourceDate "2003.10.22"]
[SourceVersion "2"]
[SourceVersionDate "2003.10.20"]
[SourceQuality "1"]

1. d4 d5 2. c4 e6 3. Nf3 Nf6 4. Nc3 Nbd7 5. Bf4 c6 6. e3 Be7 7. Rc1 0-0 8. Qc2 dxc4 9. Bxc4 b5 10. Bd3 Bb7 11. 0-0 a6 12. e4 h6 13. Qe2 Re8 14. Rfd1 Rc8 15. Bb1 Qb6 16. e5 Nd5 17. Qe4 Nf8 18. Bd2 c5 19. Nxd5 Bxd5 20. Qg4 Kh8 21. Qh5 Kg8 22. Bxh6 gxh6 23. Qxh6 cxd4 24. Ng5 Bxg5 25. Qxg5+ Ng6 26. Bxg6 fxg6 27. Qxg6+ Kf8 28. Qf6+ Kg8 29. Qg5+ Kf8 30. Qf6+ Kg8 31. Rc3 Rxc3 32. Qg6+ Kf8 33. Qf6+ Kg8 34. bxc3 Qc7 35. Rd3 Re7 36. Qg6+ Kf8 37. Qh6+ Ke8 38. cxd4 Qc2 39. Qd2 Qb1+ 40. Qd1 Qxd1+ 41. Rxd1 Bxa2 42. Ra1 Rc7 0-1

[Event "Asuncion zt 2.5"]
[Site "Asuncion"]
[Date "2003.09.23"]
[Round "9"]
[White "Figari, Esteban"]
[Black "Vera, I Jorge"]
[Result "0-1"]
[WhiteElo "2195"]
[BlackElo "2189"]
[PlyCount "116"]
[EventDate "2003.09.14"]
[EventType "swiss"]
[EventRounds "9"]
[EventCountry "PAR"]
[SourceTitle "CBM 096 Extra"]
[Source "ChessBase"]
[SourceDate "2003.10.22"]
[SourceVersion "2"]
[SourceVersionDate "2003.10.20"]
[SourceQuality "1"]

1. e4 c5 2. Nf3 d6 3. d4 cxd4 4. Nxd4 Nf6 5. Nc3 g6 6. Be2 Bg7 7. 0-0 0-0 8. Be3 Nc6 9. Nb3 Be6 10. f4 Qc8 11. Kh1 Rd8 12. Bf3 d5 13. e5 Ne4 14. Nd4 Nxc3 15. bxc3 Na5 16. Qe1 Nc4 17. Bg1 Bf5 18. Rb1 b6 19. Qe2 Be4 20. Bxe4 dxe4 21. Rb4 Na5 22. c4 Nc6 23. Nxc6 Qxc6 24. c5 bxc5 25. Rxe4 e6 26. Rc4 Bf8 27. Rc3 Rd5 28. Qf3 Rad8 29. h3 Qa4 30. a3 Rd2 31. Rc1 R2d5 32. Rb1 Qa6 33. Kh2 h5 34. Bf2 Be7 35. Be3 c4 36. Bf2 Rd2 37. Be3 R2d5 38. Qe4 Bc5 39. Bxc5 Rxc5 40. Rb7 Rcd5 41. Rc7 Rd4 42. Qf3 Rc8 43. Qe3 Rxc7 44. Qxd4 Qc8 45. Kg3 Kg7 46. Kh2 Rc5 47. Rf3 Qc7 48. Rc3 Qa5 49. Rxc4 Rxc4 50. Qxc4 Qxa3 51. Qd4 Qc1 52. Kg3 a5 53. Kh4 Qxc2 54. g3 Qc7 55. g4 Qe7+ 56. Kg3 h4+ 57. Kg2 Qb4 58. Qf2 Qe4+ 0-1

[Event "Asuncion zt 2.5"]
[Site "Asuncion"]
[Date "2003.09.21"]
[Round "7"]
[White "Rojas Keim, Luis Alberto"]
[Black "Vera, I Jorge"]
[Result "1-0"]
[WhiteElo "2433"]
[BlackElo "2189"]
[PlyCount "91"]
[EventDate "2003.09.14"]
[EventType "swiss"]
[EventRounds "9"]
[EventCountry "PAR"]
[SourceTitle "CBM 096 Extra"]
[Source "ChessBase"]
[SourceDate "2003.10.22"]
[SourceVersion "2"]
[SourceVersionDate "2003.10.20"]
[SourceQuality "1"]

1. e4 c5 2. Nf3 d6 3. d4 cxd4 4. Nxd4 Nf6 5. Nc3 g6 6. Be2 Bg7 7. 0-0 0-0 8. Bg5 Nc6 9. Nb3 Nd7 10. f4 Re8 11. Kh1 Rb8 12. Qe1 h6 13. Bh4 Nb4 14. Rc1 Nb6 15. a3 Nc6 16. Rd1 Be6 17. e5 Qc8 18. exd6 exd6 19. Qf2 d5 20. Nb5 Bf8 21. N5d4 Nxd4 22. Nxd4 Bg7 23. Bb5 Bd7 24. Bxd7 Qxd7 25. f5 g5 26. f6 Bf8 27. Bg3 Rbc8 28. c3 Re4 29. Rde1 Rce8 30. Rxe4 dxe4 31. Nf5 Re6 32. Nd4 Re8 33. Re1 Bc5 34. b4 Bxd4 35. cxd4 Nd5 36. Be5 e3 37. Qf3 Rc8 38. Qh5 Kh7 39. h3 Rc2 40. Qf3 Ra2 41. Rc1 Rf2 42. Qe4+ Kg8 43. Kh2 Nf4 44. Bxf4 gxf4 45. Qe7 Qd5 46. Qf8+ 1-0

[Event "Asuncion zt 2.5"]
[Site "Asuncion"]
[Date "2003.09.17"]
[Round "4"]
[White "Vera, I Jorge"]
[Black "Peralta, Eduardo"]
[Result "1/2-1/2"]
[WhiteElo "2189"]
[BlackElo "2279"]
[PlyCount "27"]
[EventDate "2003.09.14"]
[EventType "swiss"]
[EventRounds "9"]
[EventCountry "PAR"]
[SourceTitle "CBM 096 Extra"]
[Source "ChessBase"]
[SourceDate "2003.10.22"]
[SourceVersion "2"]
[SourceVersionDate "2003.10.20"]
[SourceQuality "1"]

1. d4 g6 2. Nc3 Bg7 3. Nf3 Nf6 4. e4 d6 5. h3 0-0 6. Be3 b6 7. Bd3 Bb7 8. 0-0 c5 9. Qe2 cxd4 10. Nxd4 Nbd7 11. Nb3 a6 12. a4 Qc7 13. Rad1 e5 14. Rfe1 1/2-1/2

[Event "American Continental 02nd"]
[Site "Buenos Aires"]
[Date "2003.08.26"]
[Round "8"]
[White "Morgado, Juan Sebastian"]
[Black "Vera, I Jorge"]
[Result "1/2-1/2"]
[WhiteElo "2275"]
[BlackElo "2189"]
[PlyCount "76"]
[EventDate "2003.08.17"]
[EventType "swiss"]
[EventRounds "11"]
[EventCountry "ARG"]
[SourceTitle "CBM 097"]
[Source "ChessBase"]
[SourceDate "2003.11.11"]
[SourceVersion "1"]
[SourceVersionDate "2003.11.11"]
[SourceQuality "1"]

1. e4 c5 2. Nc3 Nc6 3. g3 g6 4. Bg2 Bg7 5. d3 d6 6. f4 e6 7. Nf3 Nge7 8. 0-0 Rb8 9. Be3 Nd4 10. Bf2 b5 11. Nxd4 cxd4 12. Ne2 e5 13. c3 dxc3 14. bxc3 a6 15. a3 0-0 16. d4 Nc6 17. h3 Na5 18. g4 Nc4 19. Qd3 Bb7 20. Ra2 Qe7 21. f5 Rfe8 22. d5 gxf5 23. gxf5 Bf6 24. a4 Ra8 25. Rfa1 Kh8 26. Ng3 Rg8 27. axb5 axb5 28. Rxa8 Rxa8 29. Rxa8+ Bxa8 30. Nh5 Bh4 31. f6 Bxf2+ 32. Kxf2 Qa7+ 33. Kf3 Bb7 34. Ng3 Bc8 35. Nf1 Qa5 36. Kg3 Qd8 37. Qf3 Qg8+ 38. Kh2 Qg5 1/2-1/2

[Event "American Continental 02nd"]
[Site "Buenos Aires"]
[Date "2003.08.21"]
[Round "4"]
[White "Sosa Harrison, Jorge"]
[Black "Vera, I Jorge"]
[Result "1/2-1/2"]
[WhiteElo "2294"]
[BlackElo "2189"]
[PlyCount "41"]
[EventDate "2003.08.17"]
[EventType "swiss"]
[EventRounds "11"]
[EventCountry "ARG"]
[SourceTitle "CBM 097"]
[Source "ChessBase"]
[SourceDate "2003.11.11"]
[SourceVersion "1"]
[SourceVersionDate "2003.11.11"]
[SourceQuality "1"]

1. Nf3 Nf6 2. b3 g6 3. Bb2 Bg7 4. g3 0-0 5. Bg2 d6 6. d4 Nbd7 7. 0-0 Re8 8. c4 e5 9. dxe5 Ng4 10. Nc3 Ndxe5 11. Qd2 Nxf3+ 12. exf3 Ne5 13. f4 Nc6 14. Nd5 Be6 15. Bxg7 Kxg7 16. Qb2+ f6 17. Ne3 Qd7 18. Rad1 Qc8 19. Qc3 Ne7 20. Rfe1 Rb8 21. Rd2 1/2-1/2

[Event "American Continental 02nd"]
[Site "Buenos Aires"]
[Date "2003.08.19"]
[Round "3"]
[White "Vera, I Jorge"]
[Black "Dobson Aguilar, Luis Francisco"]
[Result "0-1"]
[WhiteElo "2189"]
[BlackElo "2330"]
[PlyCount "68"]
[EventDate "2003.08.17"]
[EventType "swiss"]
[EventRounds "11"]
[EventCountry "ARG"]
[SourceTitle "CBM 097"]
[Source "ChessBase"]
[SourceDate "2003.11.11"]
[SourceVersion "1"]
[SourceVersionDate "2003.11.11"]
[SourceQuality "1"]

1. d4 Nf6 2. Bg5 Ne4 3. Bh4 c6 4. f3 Qa5+ 5. Nd2 Qh5 6. Nxe4 Qxh4+ 7. Nf2 e5 8. e3 d5 9. c3 Bd6 10. g3 Qh6 11. f4 exf4 12. exf4 0-0 13. Bh3 Re8+ 14. Kf1 Bxh3+ 15. Ngxh3 Nd7 16. Kg2 Qg6 17. Re1 Nf6 18. Ng5 Rxe1 19. Qxe1 Qc2 20. Qb1 Qe2 21. Qd3 Re8 22. Rb1 h6 23. Ngh3 Qh5 24. Ng1 c5 25. Rc1 c4 26. Qf3 Qf5 27. Ngh3 h5 28. Ng5 Ng4 29. Ngh3 Re3 30. Qd1 Qe6 31. Nxg4 hxg4 32. Ng1 Qe4+ 33. Kf1 f5 34. Qc2 Re1+ 0-1

[Event "Pan American-ch U14"]
[Site "Bogota"]
[Date "2003.06.??"]
[Round "7"]
[White "Vera, I Jorge"]
[Black "Pacheco, Garri"]
[Result "0-1"]
[WhiteElo "2189"]
[BlackElo "2200"]
[PlyCount "48"]
[EventDate "2003.06.08"]
[EventType "swiss"]
[EventRounds "9"]
[EventCountry "COL"]
[SourceTitle "EXT 2022"]
[Source "ChessBase"]
[SourceDate "2021.10.06"]
[SourceVersion "1"]
[SourceVersionDate "2021.10.06"]
[SourceQuality "1"]

1. d4 Nf6 2. Bg5 Ne4 3. Bh4 c5 4. f3 g5 5. fxe4 gxh4 6. e3 Bh6 7. Bc4 e6 8. Qe2 Qg5 9. Nf3 Qxe3 10. Qxe3 Bxe3 11. dxc5 Bc1 12. Nbd2 Bxb2 13. Rb1 Ba3 14. Nb3 a5 15. Rf1 Nc6 16. Bb5 Rg8 17. Bxc6 bxc6 18. Nxh4 Rg4 19. g3 Rxe4+ 20. Kd1 Ba6 21. Re1 Rxe1+ 22. Kxe1 Rb8 23. Rd1 a4 24. Nd2 Bxc5 0-1